Challenge Typing #6: Letters backwards - Statistics

General Stats
  • This quiz has been taken 21 times
  • The average score is 16 of 26
Answer Stats
Answer % Correct
W
100%
X
100%
Y
100%
Z
100%
V
93%
R
87%
S
87%
T
87%
U
87%
P
73%
Q
73%
O
67%
L
60%
M
60%
N
60%
H
40%
I
40%
J
40%
K
40%
G
33%
F
27%
A
20%
B
20%
C
20%
D
20%
E
20%
No matching quizzes found
Score Distribution
Percent of People with Each Score
Percentile by Number Answered
Your Score History
You have not taken this quiz